Catalogue of the Indian Collections in the Museum of Fine Arts,Boston (Record no. 92062)
[ view plain ]
| 000 -LEADER | |
|---|---|
| fixed length control field | 00487nam a2200169Ia 4500 |
| 003 - CONTROL NUMBER IDENTIFIER | |
| control field | LK-CoDNM |
| 005 - DATE AND TIME OF LATEST TRANSACTION | |
| control field | 20240726113800.0 |
| 008 - FIXED-LENGTH DATA ELEMENTS--GENERAL INFORMATION | |
| fixed length control field | 010623t1924 xxu||||| |||| 00| 1 eng d |
| 040 ## - CATALOGING SOURCE | |
| Original cataloging agency | LK-CoDNM |
| Modifying agency | LK-CoDNM |
| Description conventions | LK-CoDNM |
| 041 ## - LANGUAGE CODE | |
| Language code of text/sound track or separate title | English |
| 080 ## - UNIVERSAL DECIMAL CLASSIFICATION NUMBER | |
| Universal Decimal Classification number | 14 |
| Item number | BB12 |
| 942 ## - ADDED ENTRY ELEMENTS (KOHA) | |
| Koha item type | Books |
| 100 ## - MAIN ENTRY--PERSONAL NAME | |
| Personal name | Coomaraswamy,Ananda K. |
| 245 ## - TITLE STATEMENT | |
| Title | Catalogue of the Indian Collections in the Museum of Fine Arts,Boston |
| 260 ## - PUBLICATION, DISTRIBUTION, ETC. (IMPRINT) | |
| Name of publisher, distributor, etc. | Harvard University Press |
| Place of publication, distribution, etc. | Cambridge |
| Date of publication, distribution, etc. | 1924 |
| 300 ## - PHYSICAL DESCRIPTION | |
| Other physical details | 114p. : ill ; 29 cm |
| Withdrawn status | Lost status | Damaged status | Not for loan | Collection code | Permanent Location | Current Location | Shelving location | Date acquired | Full call number | Barcode | Koha item type |
|---|---|---|---|---|---|---|---|---|---|---|---|
| Damaged | Old Books Collection | Library National Museum Colombo - Sri Lanka | Library National Museum Colombo - Sri Lanka | Reference | 2024-07-26 | 14 BB12 | OB3159 | Books |


